[Event "2. Bundesliga West 2012/13"]
[Site "Woergl"]
[Date "2012.10.06"]
[Round "2"]
[Board "4"]
[White "Neuschmied, Siegfried"]
[Black "Blaas, Hansjoerg"]
[Result "1/2-1/2"]
[WhiteElo "2239"]
[BlackElo "2259"]
[PlyCount "66"]
[EventDate "2012.10.05"]
[EventType "team"]
[EventRounds "11"]
[EventCountry "AUT"]
[WhiteTeam "Kufstein / Woergl"]
[BlackTeam "Schwaz"]

1. e4 c5 2. Nf3 Nc6 3. Bb5 g6 4. O-O Bg7 5. c3 Nf6 6. Re1 O-O 7. d3 d6 8. h3
Qc7 9. Nbd2 Bd7 10. Ba4 Rad8 11. Nf1 Ne5 12. Bc2 h6 13. N3h2 e6 14. Be3 Bc6 15.
Ng3 Rfe8 16. Qe2 b5 17. Rad1 Ned7 18. d4 cxd4 19. cxd4 d5 20. e5 Nh7 21. h4
Ndf8 22. h5 g5 23. Bd3 a6 24. Rc1 Rc8 25. Nf3 f5 26. exf6 Bxf6 27. Rc2 Qd6 28.
Rec1 Bd7 29. Rc5 Rxc5 30. Rxc5 e5 31. dxe5 Bxe5 32. Nxe5 Rxe5 33. Qc2 Rxe3
1/2-1/2

[Event "2. Bundesliga West 2012/13"]
[Site "Woergl"]
[Date "2012.10.06"]
[Round "2"]
[Board "5"]
[White "Gruber, Michael"]
[Black "Steinbacher, Thomas"]
[Result "0-1"]
[WhiteElo "2155"]
[BlackElo "2072"]
[PlyCount "24"]
[EventDate "2012.10.05"]
[EventType "team"]
[EventRounds "11"]
[EventCountry "AUT"]
[WhiteTeam "Schwaz"]
[BlackTeam "Kufstein / Woergl"]

1. e4 e5 2. f4 exf4 3. Bc4 Nf6 4. Nc3 c6 5. d4 Bb4 6. e5 Ne4 7. Qh5 O-O 8. Nge2
d5 9. Bd3 f6 10. Bxf4 fxe5 11. Bxe5 Rf5 12. Qh3 Rxe5 0-1

[Event "2. Bundesliga West 2012/13"]
[Site "Woergl"]
[Date "2012.10.06"]
[Round "2"]
[Board "6"]
[White "Kranewitter, Norbert"]
[Black "Kondrak, Christof"]
[Result "1-0"]
[WhiteElo "2074"]
[BlackElo "2192"]
[PlyCount "55"]
[EventDate "2012.10.05"]
[EventType "team"]
[EventRounds "11"]
[EventCountry "AUT"]
[WhiteTeam "Kufstein / Woergl"]
[BlackTeam "Schwaz"]

1. Nf3 d5 2. d4 e6 3. c4 c6 4. g3 Nf6 5. Bg2 Be7 6. O-O O-O 7. Qc2 b6 8. Nbd2
Bb7 9. e4 dxc4 10. Nxc4 c5 11. Ng5 cxd4 12. Rd1 g6 13. h4 Nc6 14. e5 Nd5 15.
Qe4 b5 16. Nd2 Bxg5 17. hxg5 Qxg5 18. Nf3 Qf5 19. Qe2 a6 20. Rxd4 Ndb4 21. Re4
Nc2 22. g4 Qxe4 23. Qxe4 Nxa1 24. Bg5 Rac8 25. Bf6 h6 26. Qe3 Kh7 27. Ng5+ Kg8
28. Qh3 1-0

[Event "2. Bundesliga West 2012/13"]
[Site "Hohenems"]
[Date "2012.10.06"]
[Round "2"]
[Board "1"]
[White "Breder, Dennis"]
[Black "Medvegy, Zoltan"]
[Result "1/2-1/2"]
[WhiteElo "2438"]
[BlackElo "2555"]
[PlyCount "67"]
[EventDate "2012.10.05"]
[EventType "team"]
[EventRounds "11"]
[EventCountry "AUT"]
[WhiteTeam "Hohenems II"]
[BlackTeam "ATSV Ranshofen"]

1. e4 c6 2. d4 d5 3. exd5 cxd5 4. Bd3 Nc6 5. c3 Qc7 6. h3 g6 7. Ne2 Bf5 8. Bxf5
gxf5 9. Bf4 Qd7 10. Nd2 Bh6 11. Nf3 Bxf4 12. Nxf4 Nf6 13. Ne5 Qd6 14. Qe2 Ne4
15. O-O-O O-O-O 16. Qe3 Nxe5 17. dxe5 Qa6 18. Kb1 e6 19. g4 fxg4 20. hxg4 Qb6
21. Qxb6 axb6 22. Rh2 Rdg8 23. f3 Nc5 24. Rh5 Rg7 25. Ne2 Nd7 26. Nd4 h6 27.
Nb5 Kd8 28. Rg1 Ke7 29. Nd4 Rg6 30. Kc2 Rhg8 31. Kd2 Rg5 32. Rxh6 Nxe5 33. b3
Nc6 34. Re1 1/2-1/2

[Event "2. Bundesliga West 2012/13"]
[Site "Hohenems"]
[Date "2012.10.06"]
[Round "2"]
[Board "3"]
[White "Novkovic, Milan"]
[Black "Dovzik, Juri"]
[Result "1/2-1/2"]
[WhiteElo "2400"]
[BlackElo "2346"]
[PlyCount "118"]
[EventDate "2012.10.05"]
[EventType "team"]
[EventRounds "11"]
[EventCountry "AUT"]
[WhiteTeam "Hohenems II"]
[BlackTeam "ATSV Ranshofen"]

1. d4 d5 2. c4 c6 3. Nf3 Nf6 4. e3 Bg4 5. cxd5 cxd5 6. Qb3 Bc8 7. Nc3 e6 8. Ne5
Be7 9. Bd3 Nfd7 10. Nxd7 Qxd7 11. Bd2 Nc6 12. Ne2 Bd6 13. O-O O-O 14. Rac1 Qe7
15. f4 f5 16. Kh1 Bd7 17. Rf3 h5 18. Rh3 Be8 19. Ng1 g6 20. Nf3 Rf7 21. Ng5 Rg7
22. Rf3 Nd8 23. Be1 Qd7 24. Rf2 Qa4 25. Qxa4 Bxa4 26. h3 Bd7 27. Rfc2 Re7 28.
Bh4 Nf7 29. Nh7 Kxh7 30. Bxe7 Bxe7 31. Rc7 Rd8 32. Bb5 Bxb5 33. Rxe7 Be8 34.
Rxb7 a5 35. a4 Kg7 36. b3 Kf6 37. h4 Nd6 38. Rb6 Ne4 39. Kg1 Ra8 40. Rc7 Rd8
41. Kf1 Ra8 42. Ke2 Rd8 43. Kd1 Ra8 44. Kc2 Nf2 45. Rbb7 Ng4 46. Kd2 Nf2 47.
Ra7 Rb8 48. Kc2 Ng4 49. Rc3 Nf2 50. Rxa5 Rb7 51. Rac5 Ne4 52. Rc7 Rb6 53. Rd3
Bc6 54. Rd1 Bb7 55. Kb2 Ba6 56. Ka3 Be2 57. Re1 Bd3 58. Rd1 Be2 59. Re1 Bd3
1/2-1/2

[Event "2. Bundesliga West 2012/13"]
[Site "Hohenems"]
[Date "2012.10.06"]
[Round "2"]
[Board "4"]
[White "Ager, Josef"]
[Black "Baldauf, Marco"]
[Result "0-1"]
[WhiteElo "2170"]
[BlackElo "2376"]
[PlyCount "124"]
[EventDate "2012.10.05"]
[EventType "team"]
[EventRounds "11"]
[EventCountry "AUT"]
[WhiteTeam "ATSV Ranshofen"]
[BlackTeam "Hohenems II"]

1. Nf3 Nf6 2. c4 c5 3. Nc3 e6 4. g3 b6 5. Bg2 Bb7 6. O-O Be7 7. b3 d6 8. d3 Nc6
9. Bb2 a6 10. e4 Qc7 11. Re1 Rc8 12. d4 cxd4 13. Nxd4 O-O 14. Nxc6 Bxc6 15. Qe2
Rfe8 16. e5 dxe5 17. Bxc6 Qxc6 18. Qxe5 Nd7 19. Qe4 Qc7 20. Ne2 Bf6 21. Bxf6
Nxf6 22. Qf3 h6 23. Nf4 b5 24. cxb5 axb5 25. Nh5 Nd5 26. Rad1 Qc3 27. Qe4 Red8
28. Nf4 Nf6 29. Qe2 b4 30. Kg2 Qc6+ 31. Qf3 Qxf3+ 32. Kxf3 Rc3+ 33. Kg2 Ra8 34.
Rd2 Rc7 35. Ree2 g5 36. Nd3 Nd5 37. Re4 Rb7 38. Rc4 Kg7 39. Nc5 Rba7 40. Nd3
Rxa2 41. Rxa2 Rxa2 42. Nxb4 Ne3+ 43. Kf3 Nxc4 44. Nxa2 Nd2+ 45. Ke3 Nxb3 46.
Nc3 Nc5 47. Kd4 Nd7 48. Ke4 f5+ 49. Kf3 Ne5+ 50. Kg2 Ng6 51. Nb5 Kf6 52. Nd6
Ke7 53. Nc4 Kf6 54. Ne3 Ke5 55. Nc4+ Kd5 56. Nb6+ Kd4 57. Nc8 Kc5 58. h3 h5 59.
Kf3 h4 60. Kg2 e5 61. Kf3 e4+ 62. Ke3 g4 0-1

[Event "2. Bundesliga West 2012/13"]
[Site "Hohenems"]
[Date "2012.10.06"]
[Round "2"]
[Board "5"]
[White "Gaertner, Guntram"]
[Black "Heiduczek, Josef"]
[Result "1/2-1/2"]
[WhiteElo "2331"]
[BlackElo "2214"]
[PlyCount "179"]
[EventDate "2012.10.05"]
[EventType "team"]
[EventRounds "11"]
[EventCountry "AUT"]
[WhiteTeam "Hohenems II"]
[BlackTeam "ATSV Ranshofen"]

1. d4 f5 2. Nc3 Nf6 3. Bg5 d5 4. Bxf6 exf6 5. e3 Be6 6. Bd3 Nc6 7. a3 Qd7 8.
Qf3 O-O-O 9. Nge2 g6 10. h4 h5 11. O-O-O Bf7 12. Nf4 Kb8 13. Qg3 Rg8 14. f3 Bh6
15. Qh2 Rh8 16. g3 g5 17. Ng2 Ne7 18. Kb1 Nc8 19. Qg1 Nd6 20. Qf2 Qc6 21. Rde1
Rde8 22. Qd2 Rhg8 23. Qf2 Nc4 24. Bxc4 Qxc4 25. hxg5 fxg5 26. f4 g4 27. Qe2 Qc6
28. Qb5 Qe6 29. Qd3 c6 30. Nd1 Bg7 31. Nh4 Bg6 32. Qd2 Bf8 33. Nf2 Bd6 34. Nd3
Ref8 35. b4 Be8 36. c3 Rg7 37. Ne5 b5 38. Kb2 Bc7 39. Ng2 Bd8 40. Ra1 Rh8 41.
Nh4 Rf8 42. Qd3 Rf6 43. Kc2 Rf8 44. Kd2 Bb6 45. Qc2 Rb7 46. Nd3 Re7 47. Rhe1
Rf6 48. Nc5 Bxc5 49. bxc5 a6 50. Ng2 Ra7 51. Rh1 Rh6 52. Rh4 Rhh7 53. Ra2 Bd7
54. Ke2 Bc8 55. Kf2 a5 56. Rb2 a4 57. Ne1 Rae7 58. Ng2 Kc7 59. Rb1 Bd7 60. Re1
Be8 61. Re2 Bg6 62. Ne1 Qe4 63. Qxe4 fxe4 64. Nc2 Bf5 65. Re1 Re8 66. Reh1 Reh8
67. Ke2 Rh6 68. Ne1 R6h7 69. Ng2 Kd7 70. R4h2 Ke6 71. Nh4 Rf8 72. Nxf5 Rxf5 73.
Rh4 Rf6 74. Rxh5 Rxh5 75. Rxh5 Kf7 76. Kf2 Rg6 77. Kg2 Kg7 78. Rh4 Kg8 79. Rh1
Kf7 80. Rh5 Rg8 81. f5 Rf8 82. Rh6 Ke8 83. Rh5 Rg8 84. f6 Rg6 85. Rf5 Kf7 86.
Rf4 Rg5 87. Rf1 Rg6 88. Rf4 Rg5 89. Rf1 Rg6 90. Rf4 1/2-1/2

[Event "2. Bundesliga West 2012/13"]
[Site "Hohenems"]
[Date "2012.10.06"]
[Round "2"]
[Board "6"]
[White "Fruehauf, Norbert"]
[Black "Atlas, Dmitry"]
[Result "1/2-1/2"]
[WhiteElo "2082"]
[BlackElo "2255"]
[PlyCount "148"]
[EventDate "2012.10.05"]
[EventType "team"]
[EventRounds "11"]
[EventCountry "AUT"]
[WhiteTeam "ATSV Ranshofen"]
[BlackTeam "Hohenems II"]

1. e4 e6 2. d4 d5 3. Nd2 Nf6 4. e5 Nfd7 5. Bd3 c5 6. c3 Nc6 7. Ne2 cxd4 8. cxd4
f6 9. exf6 Nxf6 10. O-O Bd6 11. Nf3 Qc7 12. Re1 O-O 13. Qc2 Bd7 14. Bd2 Rae8
15. h3 Re7 16. Rac1 Be8 17. Ng5 h6 18. Nh7 Nxh7 19. Bxh7+ Kh8 20. Bg6 Bxg6 21.
Qxg6 Rf6 22. Qg4 Qb6 23. b3 Ref7 24. Be3 Qa5 25. Ra1 e5 26. dxe5 Bxe5 27. Rad1
Qxa2 28. Rxd5 Qxb3 29. Red1 Bc7 30. Qe4 Re7 31. Qg4 Qc2 32. Nd4 Nxd4 33. Bxd4
Re4 34. Qc8+ Kh7 35. Bxf6 Bh2+ 36. Kxh2 Qxc8 37. Rd7 Kg6 38. Bxg7 Qc4 39. Rxb7
Qc5 40. Rbd7 Re7 41. R1d6+ Kf7 42. Bd4 Qc4 43. Rd8 Re8 44. R8d7+ Re7 45. Be3 a5
46. Rxe7+ Kxe7 47. Rxh6 a4 48. Rh7+ Ke6 49. Ra7 Kd5 50. g4 Ke4 51. Kg3 Qb3 52.
g5 Kf5 53. h4 a3 54. h5 a2 55. Ra5+ Ke4 56. g6 Qd1 57. Rxa2 Qxh5 58. Ra4+ Kd3
59. Rg4 Qe5+ 60. Bf4 Qg7 61. Rg5 Ke4 62. f3+ Kd3 63. Be5 Qg8 64. g7 Ke3 65. f4
Ke4 66. Kh4 Qh7+ 67. Kg4 Qh1 68. Rh5 Qg2+ 69. Kh4 Kf3 70. g8=Q Qxg8 71. Rg5
Qh7+ 72. Rh5 Qg6 73. Rg5 Qh7+ 74. Rh5 Qg6 1/2-1/2

[Event "2. Bundesliga West 2012/13"]
[Site "Hohenems"]
[Date "2012.10.06"]
[Round "2"]
[Board "1"]
[White "Serafimov, Tervel"]
[Black "Krassowizkij, Jaroslaw"]
[Result "1/2-1/2"]
[WhiteElo "2425"]
[BlackElo "2404"]
[PlyCount "36"]
[EventDate "2012.10.05"]
[EventType "team"]
[EventRounds "11"]
[EventCountry "AUT"]
[WhiteTeam "Bregenz"]
[BlackTeam "Goetzis"]

1. g3 d5 2. Bg2 Nf6 3. Nf3 g6 4. c4 Bg7 5. cxd5 Nxd5 6. Nc3 O-O 7. O-O c5 8. d4
Nxc3 9. bxc3 Nc6 10. e3 Be6 11. Nd2 cxd4 12. cxd4 Bd5 13. Ne4 Rc8 14. Rb1 Bxa2
15. Rxb7 Bd5 16. Rb1 Ba2 17. Rb7 Bd5 18. Rb1 Ba2 1/2-1/2

[Event "2. Bundesliga West 2012/13"]
[Site "Hohenems"]
[Date "2012.10.06"]
[Round "2"]
[Board "2"]
[White "Eisenbeiser, Amadeus"]
[Black "Weindl, Alfred"]
[Result "1/2-1/2"]
[WhiteElo "2384"]
[BlackElo "2329"]
[PlyCount "96"]
[EventDate "2012.10.05"]
[EventType "team"]
[EventRounds "11"]
[EventCountry "AUT"]
[WhiteTeam "Goetzis"]
[BlackTeam "Bregenz"]

1. c4 Nf6 2. Nc3 g6 3. e4 d6 4. d4 Bg7 5. h3 O-O 6. Nf3 e5 7. d5 a5 8. Bg5 Na6
9. Bd3 Qe8 10. g4 Nd7 11. Qe2 Ndc5 12. O-O-O Nxd3+ 13. Rxd3 Nc5 14. Rdd1 f5 15.
Ne1 Nxe4 16. Nxe4 fxe4 17. Rd2 Qa4 18. Kb1 b5 19. c5 Qc4 20. Qxc4 bxc4 21. Kc2
Ba6 22. Rg1 Bf6 23. Be3 Be7 24. c6 Rf7 25. Kc3 Raf8 26. Rh1 Bh4 27. Rh2 Kg7 28.
Nc2 Rf3 29. Re2 Bg5 30. Na3 Bf4 31. Rh1 Bxe3 32. fxe3 Rf2 33. Rh2 Rxh2 34. Rxh2
Rf3 35. Nxc4 Bxc4 36. Kxc4 Rxe3 37. Kb5 Rd3 38. Ka6 e3 39. Kb7 Rd2 40. Rh1 e2
41. Re1 Kf7 42. Kxc7 Ke7 43. b4 axb4 44. Kb7 Rc2 45. g5 Ke8 46. Kb8 Ke7 47. Kb7
Ke8 48. Kb8 Ke7 1/2-1/2

[Event "2. Bundesliga West 2012/13"]
[Site "Hohenems"]
[Date "2012.10.06"]
[Round "2"]
[Board "3"]
[White "Dobosz, Henryk"]
[Black "Mittelberger, Peter"]
[Result "1/2-1/2"]
[WhiteElo "2385"]
[BlackElo "2217"]
[PlyCount "73"]
[EventDate "2012.10.05"]
[EventType "team"]
[EventRounds "11"]
[EventCountry "AUT"]
[WhiteTeam "Bregenz"]
[BlackTeam "Goetzis"]

1. d4 Nf6 2. Nf3 g6 3. c4 Bg7 4. Nc3 O-O 5. e4 d6 6. h3 c5 7. d5 e6 8. Bd3 exd5
9. cxd5 Re8 10. O-O a6 11. a4 Nbd7 12. Re1 Qc7 13. Bf4 Nh5 14. Bh2 Ne5 15. Be2
f5 16. exf5 Bxf5 17. g4 Bxg4 18. hxg4 Nxg4 19. Bf1 Nxh2 20. Kxh2 Qf7 21. Bg2
Qf4+ 22. Kg1 Qg4 23. Nh2 Qb4 24. Qc2 Nf4 25. Re4 Rxe4 26. Nxe4 c4 27. Rb1 b5
28. Ng4 Rf8 29. axb5 axb5 30. Ne3 Bd4 31. b3 c3 32. Re1 Be5 33. Ng5 Nxg2 34.
Nxg2 Qg4 35. Ne6 Rc8 36. Kf1 b4 37. f4 1/2-1/2

[Event "2. Bundesliga West 2012/13"]
[Site "Hohenems"]
[Date "2012.10.06"]
[Round "2"]
[Board "4"]
[White "Gauss, Gustav"]
[Black "Bezler, Rainer"]
[Result "1-0"]
[WhiteElo "2145"]
[BlackElo "2242"]
[PlyCount "107"]
[EventDate "2012.10.05"]
[EventType "team"]
[EventRounds "11"]
[EventCountry "AUT"]
[WhiteTeam "Goetzis"]
[BlackTeam "Bregenz"]

1. d4 d5 2. Nc3 b6 3. e4 e6 4. Bd3 Nf6 5. Bg5 dxe4 6. Nxe4 Be7 7. Qf3 c6 8. Ne2
Nxe4 9. Bxe7 Qxe7 10. Bxe4 O-O 11. O-O-O Bb7 12. Qd3 f5 13. Bf3 Nd7 14. Rhe1 e5
15. Bxc6 Bxc6 16. Qc4+ Kh8 17. Qxc6 e4 18. g3 Nf6 19. Nf4 Rac8 20. Qe6 Qc7 21.
Qb3 Rfe8 22. h3 Qd6 23. Kb1 Re7 24. Ng2 Rec7 25. c3 h6 26. Nf4 Kh7 27. Qe6 Qxe6
28. Nxe6 Re7 29. Nf4 g5 30. Ng2 Nd5 31. Ne3 Nxe3 32. Rxe3 f4 33. Re2 Kg6 34.
Kc2 h5 35. d5 Kf5 36. d6 Re5 37. d7 Rd8 38. Rd6 e3 39. gxf4 gxf4 40. fxe3 fxe3
41. Kd3 Kf4 42. c4 Re7 43. Rf6+ Kg5 44. Rd6 Rdxd7 45. Rxd7 Rxd7+ 46. Ke4 Re7+
47. Kf3 Kh4 48. Rxe3 Rxe3+ 49. Kxe3 Kxh3 50. Kf3 Kh2 51. b4 h4 52. c5 bxc5 53.
bxc5 h3 54. Kf2 1-0

[Event "2. Bundesliga West 2012/13"]
[Site "Hohenems"]
[Date "2012.10.06"]
[Round "2"]
[Board "5"]
[White "Poettinger, Harald"]
[Black "Kranz, Armin"]
[Result "1-0"]
[WhiteElo "2238"]
[BlackElo "2142"]
[PlyCount "141"]
[EventDate "2012.10.05"]
[EventType "team"]
[EventRounds "11"]
[EventCountry "AUT"]
[WhiteTeam "Bregenz"]
[BlackTeam "Goetzis"]

1. c4 Nf6 2. g3 e5 3. Bg2 d5 4. cxd5 Nxd5 5. Nf3 Nc6 6. O-O Be7 7. d4 e4 8. Ne5
Nxe5 9. dxe5 f5 10. exf6 Nxf6 11. Qb3 Qd7 12. Nc3 Qf5 13. Nxe4 Nxe4 14. Qa4+
Bd7 15. Qxe4 Qxe4 16. Bxe4 c6 17. Be3 Bf6 18. Rfd1 a5 19. Bd4 a4 20. Rac1 Be6
21. Bxf6 gxf6 22. a3 Ke7 23. f3 h5 24. Kf2 f5 25. Bd3 h4 26. Ke3 Rad8 27. Bc2
hxg3 28. hxg3 b5 29. Kf4 Rdf8 30. Bd3 Bd7 31. Rh1 Rhg8 32. Rh7+ Ke6 33. Rch1
Be8 34. R7h6+ Bg6 35. R1h5 Ke7 36. Rg5 Rf6 37. Bxf5 Rxf5+ 38. Rxf5 Bxf5 39.
Kxf5 Rxg3 40. Rxc6 Rg2 41. Re6+ Kf7 42. Re5 Rh2 43. Kg4 Rg2+ 44. Kh3 Rg1 45.
Kh2 Rc1 46. Rxb5 Rc2 47. Re5 Rxb2 48. Kg3 Rb3 49. e4 Rxa3 50. Ra5 Ra1 51. Kf4
a3 52. Ke5 a2 53. f4 Rb1 54. Rxa2 Rb5+ 55. Kd4 Rb4+ 56. Kd5 Rb5+ 57. Kc4 Rb1
58. Ra7+ Ke6 59. Ra6+ Ke7 60. f5 Rd1 61. Re6+ Kd7 62. Re5 Rc1+ 63. Kd4 Rd1+ 64.
Ke3 Rf1 65. Re6 Ra1 66. Kf4 Rh1 67. Ke5 Rh2 68. Ra6 Rh5 69. Ra7+ Kc6 70. Ke6
Rh6+ 71. f6 1-0

[Event "2. Bundesliga West 2012/13"]
[Site "Hohenems"]
[Date "2012.10.06"]
[Round "2"]
[Board "6"]
[White "Langwieser, Alexander"]
[Black "Matt, Fabian"]
[Result "0-1"]
[WhiteElo "2081"]
[BlackElo "2211"]
[PlyCount "74"]
[EventDate "2012.10.05"]
[EventType "team"]
[EventRounds "11"]
[EventCountry "AUT"]
[WhiteTeam "Goetzis"]
[BlackTeam "Bregenz"]

1. e4 e5 2. Bc4 Nc6 3. Nf3 Nf6 4. d3 Be7 5. O-O O-O 6. Re1 d6 7. c3 Kh8 8. b4
Ng8 9. Qb3 f5 10. Nbd2 Qe8 11. d4 fxe4 12. Nxe4 Qg6 13. Nfg5 Nh6 14. d5 Nd8 15.
Ne6 Nxe6 16. dxe6 c6 17. Bf1 d5 18. Nc5 e4 19. Nd7 Rf5 20. c4 Qxe6 21. Nc5 Qf6
22. Bb2 Qh4 23. g3 Qh5 24. Be2 Qf7 25. cxd5 cxd5 26. Rad1 b6 27. Na6 Bb7 28.
Rc1 Bd6 29. Qe3 Bxa6 30. Bxa6 Ng4 31. Qb3 Nxf2 32. Rf1 Rf8 33. Kg2 Qh5 34. Rc8
Rxc8 35. Bxc8 Rf3 36. Qc2 Rxg3+ 37. hxg3 Qf3+ 0-1

[Event "2. Bundesliga West 2012/13"]
[Site "Salzburg"]
[Date "2012.10.06"]
[Round "2"]
[Board "1"]
[White "Zelcic, Robert"]
[Black "Prusikin, Michael"]
[Result "1/2-1/2"]
[WhiteElo "2554"]
[BlackElo "2543"]
[PlyCount "100"]
[EventDate "2012.10.05"]
[EventType "team"]
[EventRounds "11"]
[EventCountry "AUT"]
[WhiteTeam "Schwarzach"]
[BlackTeam "SIR Bernhard"]

1. e4 e5 2. Nf3 Nc6 3. d4 exd4 4. Bc4 Nf6 5. e5 d5 6. Bb5 Ne4 7. Nxd4 Bd7 8.
Bxc6 bxc6 9. O-O Be7 10. f3 Nc5 11. f4 Ne4 12. Nc3 Nxc3 13. bxc3 c5 14. Nb3 c4
15. Nd4 c5 16. Ne2 Bc6 17. f5 d4 18. Nf4 dxc3 19. Be3 Qxd1 20. Raxd1 Rd8 21. f6
gxf6 22. exf6 Bxf6 23. Bxc5 Rd2 24. Be3 Rxd1 25. Rxd1 Be5 26. Bd4 f6 27. Bxe5
fxe5 28. Nd5 Kf7 29. Nxc3 Ke6 30. Rd2 Rf8 31. Nd1 Rb8 32. Ne3 Rb4 33. Rd8 Ra4
34. Rc8 Kd7 35. Rb8 Rxa2 36. Nxc4 Rxc2 37. Nxe5+ Kc7 38. Nxc6 Rxc6 39. Rh8 h6
40. g4 a5 41. Ra8 Kb6 42. Kg2 Kb5 43. h4 a4 44. Kf3 Kb4 45. g5 hxg5 46. hxg5 a3
47. Kg4 Kb3 48. Kh5 a2 49. g6 Rxg6 50. Kxg6 Kb2 1/2-1/2

[Event "2. Bundesliga West 2012/13"]
[Site "Salzburg"]
[Date "2012.10.06"]
[Round "2"]
[Board "2"]
[White "Bromberger, Stefan"]
[Black "Krstic, Uros"]
[Result "0-1"]
[WhiteElo "2492"]
[BlackElo "2466"]
[PlyCount "72"]
[EventDate "2012.10.05"]
[EventType "team"]
[EventRounds "11"]
[EventCountry "AUT"]
[WhiteTeam "SIR Bernhard"]
[BlackTeam "Schwarzach"]

1. d4 d6 2. Nf3 Nd7 3. e4 e5 4. Bc4 exd4 5. Qxd4 Ngf6 6. Nc3 h6 7. e5 dxe5 8.
Nxe5 Bc5 9. Bxf7+ Kf8 10. Ng6+ Kxf7 11. Nxh8+ Kg8 12. Qc4+ Kxh8 13. O-O Qg8 14.
Qxg8+ Kxg8 15. Bf4 c6 16. Rad1 Nf8 17. Rfe1 Bg4 18. Rd2 Ng6 19. Be3 Bb4 20. f3
Bf5 21. g4 Bd7 22. a3 Bxc3 23. bxc3 b5 24. Kf2 Nd5 25. Bd4 a6 26. Kg3 Rf8 27.
Re4 Rf7 28. h4 Nxh4 29. f4 g5 30. f5 h5 31. Rh2 Kh7 32. Re5 Kh6 33. c4 bxc4 34.
Bb2 hxg4 35. Bc1 Kg7 36. Bxg5 Nf3 0-1

[Event "2. Bundesliga West 2012/13"]
[Site "Salzburg"]
[Date "2012.10.06"]
[Round "2"]
[Board "3"]
[White "Brumen, Dinko"]
[Black "Geske, Julian"]
[Result "1/2-1/2"]
[WhiteElo "2357"]
[BlackElo "2391"]
[PlyCount "73"]
[EventDate "2012.10.05"]
[EventType "team"]
[EventRounds "11"]
[EventCountry "AUT"]
[WhiteTeam "Schwarzach"]
[BlackTeam "SIR Bernhard"]

1. d4 d5 2. Nf3 c6 3. c4 dxc4 4. g3 b5 5. Bg2 Nd7 6. a4 Bb7 7. O-O e6 8. b3
cxb3 9. Qxb3 a6 10. Ne5 Qc7 11. Bf4 Bd6 12. Nc3 Ne7 13. axb5 axb5 14. Rxa8+
Bxa8 15. Rc1 Bxe5 16. dxe5 O-O 17. Nxb5 Qb6 18. Qd3 Qxb5 19. Qxd7 Ng6 20. Bxc6
Bxc6 21. Qxc6 Qxe2 22. Qc4 Qg4 23. Be3 Qxc4 24. Rxc4 Nxe5 25. Rc7 g5 26. h3 f6
27. Re7 Nc4 28. Rxe6 Kf7 29. Rc6 Nxe3 30. fxe3 Kg6 31. g4 h5 32. gxh5+ Kxh5 33.
Kg2 f5 34. Kf2 Rf7 35. Kg2 g4 36. hxg4+ fxg4 37. Rc8 1/2-1/2

[Event "2. Bundesliga West 2012/13"]
[Site "Salzburg"]
[Date "2012.10.06"]
[Round "2"]
[Board "5"]
[White "Hajdarevic, Dino"]
[Black "Huch, Reiner"]
[Result "0-1"]
[WhiteElo "2044"]
[BlackElo "2317"]
[PlyCount "92"]
[EventDate "2012.10.05"]
[EventType "team"]
[EventRounds "11"]
[EventCountry "AUT"]
[WhiteTeam "Schwarzach"]
[BlackTeam "SIR Bernhard"]

1. d4 d5 2. c4 dxc4 3. Nf3 Nf6 4. e3 Bg4 5. Bxc4 e6 6. Qb3 Bxf3 7. gxf3 Nbd7 8.
Nc3 Nb6 9. Bd3 Be7 10. Bd2 O-O 11. Qc2 Rc8 12. Ne4 Nbd7 13. b4 e5 14. Nxf6+
Bxf6 15. Bxh7+ Kh8 16. Qf5 g6 17. Bxg6 fxg6 18. Qxg6 Qe7 19. Qh6+ Qh7 20. Qxh7+
Kxh7 21. d5 e4 22. O-O-O Ne5 23. Kc2 Nxf3 24. Bc3 Rce8 25. Bxf6 Rxf6 26. Kc3
Rd6 27. Kc4 Kg6 28. h4 Rh8 29. h5+ Kf5 30. a4 Ke5 31. b5 Rdh6 32. a5 Kd6 33.
Rh3 Rg8 34. Rdh1 Rg5 35. Rg3 Rxd5 36. Rg8 Ne5+ 37. Kb4 Nd3+ 38. Kc4 Ne5+ 39.
Kb4 Nd7 40. Rg6+ Rxg6 41. hxg6 Rg5 42. Rd1+ Ke6 43. Rc1 Nf6 44. Ka4 Nd5 45. Rc4
Rxg6 46. Kb3 Rg1 0-1

[Event "2. Bundesliga West 2012/13"]
[Site "Salzburg"]
[Date "2012.10.06"]
[Round "2"]
[Board "6"]
[White "Durakovic, Alman"]
[Black "Bjelosevic, Bozo"]
[Result "1-0"]
[WhiteElo "2205"]
[BlackElo "1980"]
[PlyCount "55"]
[EventDate "2012.10.05"]
[EventType "team"]
[EventRounds "11"]
[EventCountry "AUT"]
[WhiteTeam "SIR Bernhard"]
[BlackTeam "Schwarzach"]

1. d4 Nc6 2. Nf3 d6 3. d5 Nb8 4. e4 e5 5. dxe6 Bxe6 6. Nd4 Qd7 7. Nxe6 fxe6 8.
Bc4 Nc6 9. Qh5+ g6 10. Qh3 Nd8 11. O-O Ne7 12. Nc3 Bg7 13. Bg5 Nec6 14. f4 Na5
15. Bb5 c6 16. Be2 b6 17. f5 exf5 18. exf5 Nf7 19. Qe3+ Be5 20. Bf6 Rg8 21. b4
Nb7 22. Bc4 gxf5 23. Rad1 Qc8 24. Bxe5 dxe5 25. Bxf7+ Kxf7 26. Qxe5 Rg5 27. Ne4
Kg8 28. Nxg5 1-0

[Event "2. Bundesliga West 2012/13"]
[Site "Salzburg"]
[Date "2012.10.06"]
[Round "2"]
[Board "1"]
[White "Roth, Peter"]
[Black "Schmidt, Georg"]
[Result "1/2-1/2"]
[WhiteElo "2226"]
[BlackElo "2347"]
[PlyCount "117"]
[EventDate "2012.10.05"]
[EventType "team"]
[EventRounds "11"]
[EventCountry "AUT"]
[WhiteTeam "ASK 1"]
[BlackTeam "Mozart-Wals-Treuhand"]

1. e4 e6 2. d4 d5 3. Nc3 Nf6 4. Bg5 Be7 5. exd5 exd5 6. Bd3 Bg4 7. f3 Bh5 8.
Nge2 Bg6 9. Ng3 h6 10. Be3 Nc6 11. Bxg6 fxg6 12. Qd3 Kf7 13. O-O-O Qd7 14. Nge2
Qf5 15. g4 Qxd3 16. Rxd3 Bb4 17. a3 Bxc3 18. Nxc3 Ne7 19. Re1 c6 20. Bf4 Rae8
21. Rde3 h5 22. h3 Nc8 23. Kd2 Rxe3 24. Rxe3 hxg4 25. hxg4 Rh1 26. Re1 Rh3 27.
Re3 Nd7 28. Ke2 Nf8 29. Kf2 Ne6 30. Be5 Nb6 31. b3 Nd7 32. Kg2 Rh8 33. Ne2 g5
34. c3 Nxe5 35. Rxe5 g6 36. Kg1 Kf6 37. Re3 a5 38. Nc1 c5 39. dxc5 Nxc5 40. b4
axb4 41. axb4 Ne6 42. Ne2 Ra8 43. Rd3 Ra1+ 44. Kf2 Ra2 45. Ke1 Ke5 46. Re3+ Kd6
47. Kd1 Ra1+ 48. Kd2 Ra2+ 49. Kd1 Ra1+ 50. Kd2 Ra3 51. Kd1 d4 52. Nxd4 Nxd4 53.
Rd3 Ra1+ 54. Kd2 Ke5 55. Rxd4 b5 56. Re4+ Kd5 57. Rd4+ Ke5 58. Re4+ Kd5 59.
Rd4+ 1/2-1/2

[Event "2. Bundesliga West 2012/13"]
[Site "Salzburg"]
[Date "2012.10.06"]
[Round "2"]
[Board "2"]
[White "Panteleev, Petar"]
[Black "Besner, Bernhard"]
[Result "1/2-1/2"]
[WhiteElo "2306"]
[BlackElo "2182"]
[PlyCount "103"]
[EventDate "2012.10.05"]
[EventType "team"]
[EventRounds "11"]
[EventCountry "AUT"]
[WhiteTeam "Mozart-Wals-Treuhand"]
[BlackTeam "ASK 1"]

1. d4 d5 2. Nf3 c5 3. c4 e6 4. cxd5 exd5 5. g3 Nc6 6. Bg2 Nf6 7. O-O Be7 8. Nc3
c4 9. b3 cxb3 10. axb3 O-O 11. Ne5 Be6 12. Nxc6 bxc6 13. Na4 Re8 14. Qc2 Qc8
15. Ba3 Bf5 16. Qa2 Rb8 17. Bxe7 Rxe7 18. Nc5 Ne4 19. Rac1 h5 20. Nxe4 Bxe4 21.
Bxe4 dxe4 22. Qa5 g6 23. Qc5 Qe6 24. Qxc6 Qxc6 25. Rxc6 Rxb3 26. Ra6 e3 27. Re1
Rb4 28. fxe3 Rxe3 29. Kf2 Re7 30. e3 Kg7 31. h3 g5 32. g4 hxg4 33. hxg4 Re4 34.
Rxa7 Rxg4 35. Kf3 Rh4 36. Ra6 f6 37. Re2 Kg6 38. Kg3 Re4 39. Kf3 Rh4 40. Re6
Kf7 41. Ra6 Kg6 42. Ra5 Rb1 43. Raa2 Rf1+ 44. Rf2 Rxf2+ 45. Rxf2 f5 46. Kg2 Re4
47. Kf3 g4+ 48. Ke2 Kg5 49. Rf1 f4 50. Rxf4 Rxf4 51. exf4+ Kxf4 52. Kf2 1/2-1/2